Radiohead - The King of Limbs (Tracks) - Statistics

General Stats
  • This quiz has been taken 9 times
  • The average score is 7 of 8
Answer Stats
Track Number Track Name % Correct
4 Feral
100%
5 Lotus Flower
100%
1 Bloom
88%
8 Separator
88%
6 Codex
75%
7 Give Up the Ghost
75%
2 Morning Mr Magpie
75%
3 Little by Little
50%
No matching quizzes found
Score Distribution
Percent of People with Each Score
Percentile by Number Answered
Your Score History
You have not taken this quiz